000 00750nam a22002411i 4500
001 14695
003 ES-MaACL
005 20230906150850.0
007 t|
008 900725s1979 sp ||||0| spa j
016 7 _zIND9200370403
020 _a84-300-0291-X
040 _aM-BN
_bspa
_cA2
080 _a903.32(461.21 Peñamellera)Loja
100 0 _aGómez-Tabanera, José Manuel,
_d1926-2011
_958165
245 1 0 _aArte rupestre de la cueva de la Loja
_b: Peñamellera Baja, Asturias /
_cJosé Manuel Gómez Tabanera.
250 _a2ª ed.
260 _aOviedo :
_bEl autor,
_cD.L. 1979.
300 _a65 p. :
_bil. ;
_c24 cm.
651 4 _aCueva de Loja (Asturias)
_98125
852 _aES-MaACL
_jL-21923
_bR.127276
999 _c14695
_d14695